| 000 | 00988cam a2200133 4500500 | ||
|---|---|---|---|
| 005 | 20251130000005.0 | ||
| 041 | _afre | ||
| 042 | _adc | ||
| 100 | 1 | 0 |
_aDoury, Marianne _eauthor |
| 245 | 0 | 0 | _aArgumentation : Analyser textes et discours |
| 260 |
_bArmand Colin,
_c2025. |
||
| 520 | _aCet ouvrage fournit les principales clés pour analyser les textes et discours argumentatifs. Quatre parties constituent ce livre:- une définition de l’argumentation comme articulation d’un discours à un contre-discours ;- un repérage de l’orchestration des points de vue au cœur de l’argumentation ;- une typologie des arguments et autres ressorts de l’argumentation ;- un inventaire des différents marqueurs langagiers sur lesquels s’appuie l’analyse des textes et discours argumentatifs.Des exercices corrigés concluent chaque chapitre. | ||
| 856 | 4 | 1 | _uhttps://shs.cairn.info/argumentation--9782200640422?lang=fr&redirect-ssocas=7080 |
| 999 |
_c1564576 _d1564576 |
||